| 000 | 00578nam a2200205Ia 4500 | ||
|---|---|---|---|
| 003 | GCL | ||
| 008 | 140319s9999 xx 000 0 eng d | ||
| 040 |
_aGCL / _cGCL |
||
| 082 | 0 | 4 |
_a613.71 _bD P |
| 100 | 1 | _aDEVRIES, HERBERT A | |
| 245 | 1 | 0 |
_aPHYSIOLOGY OF EXERCISE FOR PHYSICAL EDICATIAN A THLELICS AND EXERCISE SCIENCE / _cDEVRIES, HERBERT A |
| 700 | 1 | _aHOUSH, TERRY J | |
| 260 |
_a[S.N] : _bWCB BROWN & BENCHANARK ، _c1994 |
||
| 300 | _a636 P P | ||
| 650 | 0 | 4 | _aFITTNESS |
| 650 | 0 | 4 | _aPHYSIOLOGY |
| 650 | 0 | 4 | _aPHYSICAL FITNESS |
| 650 | 0 | 4 | _aHEALTH |
| 942 |
_2ddc _cBK |
||
| 999 |
_c11598 _d11598 |
||